Konkurz a vyrovnání

Salvato in:
Dettagli Bibliografici
Autore principale: Schelleová, Ilona
Altri autori: Větrovec, Vladislav, Berka, Jiří
Natura: Libro
Lingua:ceco
Pubblicazione: Praha EUROLEX BOHEMIA 2003
Soggetti:
Tags: Aggiungi Tag
Nessun Tag, puoi essere il primo ad aggiungerne!!

MARC

LEADER 00000nam$a2200000$$$4500
001 0019425
005 20240226134131.4
020 |a 80-86432-42-4 
041 0 |a cze 
044 |a CZ 
245 1 0 |a Konkurz a vyrovnání  |c Ilona Schelleová, Vladislav Větrovec, Jiří Berka a kolektiv 
264 1 |a Praha  |b EUROLEX BOHEMIA  |c 2003 
300 |a 625 s. 
610 2 0 |a konkurzy 
610 2 0 |a vyrovnanie 
610 2 0 |a úpadok podniku 
610 2 0 |a vzťahy občianskoprávne 
610 2 0 |a vzťahy obchodné 
610 2 0 |a vzťahy právne 
610 2 0 |a vzťahy pracovnoprávne 
610 2 0 |a zodpovednosť trestná 
610 2 0 |a zodpovednosť právna 
100 1 |a Schelleová, Ilona 
700 1 |a Větrovec, Vladislav 
700 1 |a Berka, Jiří